Human values in technical education and human resource development (Record no. 168191)
[ view plain ]
| 000 -LEADER | |
|---|---|
| fixed length control field | 00482nam a2200145Ia 4500 |
| 008 - FIXED-LENGTH DATA ELEMENTS--GENERAL INFORMATION | |
| fixed length control field | 231217s9999 xx 000 0 und d |
| 041 ## - LANGUAGE CODE | |
| Language code of text/sound track or separate title | English |
| 082 ## - DEWEY DECIMAL CLASSIFICATION NUMBER | |
| Classification number | 370.11 HIR1;1 'R' |
| 100 ## - MAIN ENTRY--PERSONAL NAME | |
| Personal name | Hira, D S EdMahesh Kumar Ed |
| 245 #0 - TITLE STATEMENT | |
| Title | Human values in technical education and human resource development |
| 260 ## - PUBLICATION, DISTRIBUTION, ETC. | |
| Date of publication, distribution, etc. | 2000 |
| Name of publisher, distributor, etc. | Sant Longowal inst. of eng. and tech, Longowal |
| 300 ## - PHYSICAL DESCRIPTION | |
| Extent | 114 |
| 650 ## - SUBJECT ADDED ENTRY--TOPICAL TERM | |
| Topical term or geographic name entry element | Human values, technical education,human resource development |
| 942 ## - ADDED ENTRY ELEMENTS (KOHA) | |
| Koha item type | Books |
| Date last seen | Total checkouts | Full call number | Accession number | Price effective from | Category | Lost status | Damaged status | Department | Withdrawn status | Home library | Current library | Entry date | Vendor | Grants | Billdate | Currency symbol | Conversion rate | Discount | Old discount |
|---|---|---|---|---|---|---|---|---|---|---|---|---|---|---|---|---|---|---|---|
| 26/01/2024 | 370.11 HIR1;1 'R' | 18515 | 26/01/2024 | Books | Central Library | Central Library | Central Library | 30/11/2001 | Publisher | DONATED | 31/03/2004 | RS | 1 |
